• 首页
  • 本馆介绍
  • 公告通知
  • 最新文献
  • 馆藏检索
  • 电子资源
  • 读者导购
  • 参考咨询
  • 我的图书馆
  • 登录
  • 详细信息显示
  • 放入我的书架
  • 预约/预借图书
  • 作者相关作品
  • 分类相关作品
  • 丛书相关作品
  • 出版社相关作品

书目信息

  • 表格格式
  • 工作单格式
  • 卡片格式
题名:
句法结构
    
 
作者: 乔姆斯基 , Chomsky 著 ;邢公畹 译
分册:  
出版信息: 北京   中国社会科学出版社  1979
页数: 132页
开本: 19cm
丛书名:
单 册:
中图分类: H043
科图分类:
主题词: 语法学
电子资源:
ISBN:
000 00674nam0 2200253 45
001 0179001387
005 20040424100149.5
010    @dCNY0.44
091    @a9190.004
100    @a19950718d1979 em y0chiy0121 ea
101 2  @achi@ceng
102    @aCN@b110000
105    @ay z 000yy
106    @ar
200 10 @a句法结构@Aju fa jie gou@f(美)乔姆斯基(N.Chomsky)著@g邢公畹等译
210    @a北京@c中国社会科学出版社@d1979
215    @a132页@d19cm
606 0  @a语法学
690    @aH043
701  1 @a乔姆斯基@Aqiao mu si ji@bN.@4著
701 A1 @aChomsky@bN.@4著
702  0 @a邢公畹@Axing gong wan@4译
801  0 @aCN@bNLC@c20040424
905    @f4@b262536-539@dH043@e28
    
    句法结构/(美)乔姆斯基(N.Chomsky)著/邢公畹等译.-北京:中国社会科学出版社,1979
    132页;19cm
    
    
    ISBN :CNY0.44
    
●
相关链接 在E读中查询图书 在五车中查询图书 在当当中查询图书 在豆瓣中查询图书


正题名:句法结构     索取号:H043/28         预约/预借

序号 登录号 条形码 馆藏地/架位号 状态 备注
1 0262535   000820865   第二样本阅览室/ [索取号:H043/28] 在馆    
2 0262536   000820874   第四借阅区/ [索取号:H043/28] 在馆    
3 0262537   000820883   第四借阅区/ [索取号:H043/28] 在馆    
4 0262538   000820892   第四借阅区/ [索取号:H043/28] 在馆    
5 0262539   000820909   第四借阅区/ [索取号:H043/28] 在馆    
唐山师范学院图书馆 欢迎您!
大连网信软件有限公司© 版权所有